GENERAL KNOWLEDGE CURRENT AFFAIRS AND WHO'S WHO (Record no. 6518)
[ view plain ]
| 000 -LEADER | |
|---|---|
| fixed length control field | 00328nam a22001337a 4500 |
| 020 ## - INTERNATIONAL STANDARD BOOK NUMBER | |
| ISBN | 81-86332-77-4 |
| 082 ## - DEWEY DECIMAL CLASSIFICATION NUMBER | |
| Classification number | 001 |
| Item number | KUM/G |
| 100 ## - MAIN ENTRY--AUTHOR NAME | |
| Personal name | KUMAR, HEMANT |
| 245 ## - TITLE STATEMENT | |
| Title | GENERAL KNOWLEDGE CURRENT AFFAIRS AND WHO'S WHO |
| 260 ## - PUBLICATION, DISTRIBUTION, ETC. (IMPRINT) | |
| Place of publication | DELHI |
| Name of publisher | NEW LIGHT PUBLISHERS |
| 300 ## - PHYSICAL DESCRIPTION | |
| Number of Pages | 110 |
| 650 ## - SUBJECT ADDED ENTRY--TOPICAL TERM | |
| Topical Term | GENERAL KNOWLEDGE |
| Geographic subdivision | INDIA |
| 942 ## - ADDED ENTRY ELEMENTS (KOHA) | |
| Koha item type | Books |
| Withdrawn status | Lost status | Collection code | Home library | Current library | Shelving location | Date acquired | Source of acquisition | Cost, normal purchase price | Full call number | Accession Number | Koha item type |
|---|---|---|---|---|---|---|---|---|---|---|---|
| G.K | Main Library | Main Library | SHELF-17B-- G.K RELATED QUIZ BOOK | 20/04/2015 | purchase | 35.00 | 001 KUM/G | 09668 | Books |